000 00408nam a22001455i 4500
001 48152
003 ES-MaACL
007 t|
008 950707s1870 fr ||||1| fre d
040 _aCAM
_bspa
_cCAM
245 0 3 _aLe Chansonier Huguenot du XVIe siècle.
260 _aParis :
_bLibrairie Tross,
_c1870 (
_eLyon :
_fAlf. Louis Perrin & Marinet)
300 _a2 v. ;
_c16 cm.
852 _aES-MaACL
_jG-3816-7
999 _c48152
_d48152